000 00660cam a2200217 4500
001 WB3724-03
008 000000n2001 000 0 eng u
035 _a(Sirsi) u113140
245 _aPromising outlook for builders
260 _c2001
490 _aSurveying World
_v9(4) May/June 2001, 8(1)
520 _aAccording to Manpower's quarterly survey of employment prospects, UK private building companies are expecting to employ more staff during this Q.
590 _aWB
650 _aCONSTRUCTION COMPANIES
650 _aSURVEY
650 _aMANPOWER
650 _aEMPLOYEES
650 _aFORECASTS
690 _aBUILT ENVIRONMENT
942 _n0
999 _c67363
_d67363